000 00286nam a22001337a 4500
008 181017b xxu||||| |||| 00| 0 eng d
020 _a0471056685
041 _aeng
080 _a910
100 _a42
101 _aGJEO
245 _aPhysical Geology
_cSkinner,B.J
942 _2udc
_cBK
999 _c50015
_d50015